| 000 | 00400nam a22001577a 4500 | ||
|---|---|---|---|
| 003 | NUST - PNEC | ||
| 005 | 20170116180900.0 | ||
| 008 | 150901b xxu||||| |||| 00| 0 eng d | ||
| 020 | _a0131723464 | ||
| 040 | _cLIBRARY | ||
| 082 | _a621.04022 | ||
| 100 |
_96241 _a Arpaci, Vedat S. |
||
| 245 |
_aConduction heat transfer _bVedat S. Arpaci |
||
| 650 |
_96243 _aVedat S. Arpaci _xME |
||
| 942 |
_2ddc _cBK |
||
| 999 |
_c64929 _d64929 |
||